| 000 | 00564nam a2200205Ia 4500 | ||
|---|---|---|---|
| 005 | 20250923144659.0 | ||
| 008 | 008 250917s9999 xx 000 0 eng d | ||
| 037 | _aTextual | ||
| 040 |
_aDSWL _beng _cDSWL |
||
| 041 |
_aeng _2eng |
||
| 084 |
_aY31.262, M59 _qDSWL |
||
| 100 |
_aColsworthy, C. _9827307 |
||
| 245 | 0 |
_aRural life in Bengal _cby C. Colsworthy |
|
| 260 |
_aLondon _bW. Thacker & Co. _c1859 |
||
| 300 | _axii,203p. | ||
| 365 |
_aINR _b15 |
||
| 925 | _g15 | ||
| 942 |
_cTEXL _hY31.262, M59 |
||
| 999 |
_c1441963 _d1441963 |
||